Municipalities of Coahuila - with a map - Statistics

General Stats
  • This quiz has been taken 10 times
  • The average score is 24 of 38
Answers on the Map
Answers color-coded by a green-red scale on the quiz's map according to % correct below.
 
Answer Stats
Answer % Correct
Acuña
100%
Allende
100%
Cuatro Ciénegas
100%
Parras
100%
Piedras Negras
100%
Ramos Arizpe
100%
Saltillo
100%
Torreón
100%
Arteaga
75%
General Cepeda
75%
Jiménez
75%
Juárez
75%
Lamadrid
75%
Monclova
75%
Morelos
75%
Múzquiz
75%
Ocampo
75%
Sabinas
75%
San Pedro
75%
Viesca
75%
Zaragoza
75%
Abasolo
50%
Candela
50%
Castaños
50%
Francisco I. Madero
50%
Guerrero
50%
Hidalgo
50%
Nadadores
50%
Nava
50%
San Buenaventura
50%
Escobedo
25%
Frontera
25%
Natamoros
25%
Progreso
25%
Sacramento
25%
San Juan de Sabinas
25%
Sierra Mojada
25%
Villa Unión
25%
No matching quizzes found
Score Distribution
Percent of People with Each Score
Percentile by Number Answered
Your Score History
You have not taken this quiz